|
|
|
|
| LEADER |
00000nas a2200000 a 4500 |
| 001 |
ssj0037205 |
| 003 |
WaSeSS |
| 005 |
20200512172242.0 |
| 006 |
m d |
| 007 |
cr n |
| 008 |
891115c19849999sp tr p s 0 0spa c |
| 010 |
|
|
|a sf 93094649
|z sn 89028615
|
| 016 |
7 |
|
|a 101254588
|2 DNLM
|
| 022 |
|
|
|l 0212-9728
|y 0212-9728
|
| 035 |
|
|
|a (WaSeSS)ssj0037205
|
| 040 |
|
|
|a HLS
|b eng
|c HLS
|d HUL
|d DLC
|d SYS
|d OCLCQ
|d DLC
|d CS1
|d CUS
|d NLM
|d OCLCQ
|d DLC
|d OCLCQ
|d OCLCF
|d OCLCQ
|d OCLCO
|d RDF
|d OCLCO
|d OCLCQ
|d WaSeSS
|
| 041 |
0 |
|
|a spa
|b eng
|f eng
|
| 042 |
|
|
|a pcc
|
| 050 |
|
4 |
|a BF5
|b .A43x
|
| 060 |
0 |
0 |
|a W1
|b AN168S
|
| 130 |
0 |
|
|a Anales de psicología (Murcia, Spain)
|
| 245 |
1 |
0 |
|a Anales de psicología
|h [electronic resource] :
|b revista de la Facultad de Filosofía y Ciencias de la Educación, Sección de Psicología, Universidad de Murcia.
|
| 260 |
|
|
|a Murcia :
|b Secretariado de Publicaciones e Intercambio Científico,
|c 1984-
|
| 310 |
|
|
|a Three issues a year,
|b <enero 2011->
|
| 321 |
|
|
|a Semiannual,
|b 1984-
|
| 362 |
0 |
|
|a Núm. 1 (1984)-
|
| 506 |
|
|
|a License restrictions may limit access.
|
| 546 |
|
|
|a In Spanish, with summaries and tables of contents in English.
|
| 588 |
|
|
|a Latest issue consulted: Vol. 27, no. 1 (enero 2011).
|
| 650 |
|
0 |
|a Psychology
|v Periodicals.
|
| 650 |
1 |
2 |
|a Psychology.
|
| 650 |
|
7 |
|a Psychology.
|2 fast
|0 (OCoLC)fst01081447
|
| 655 |
|
0 |
|a Electronic journals.
|
| 710 |
2 |
|
|a Universidad de Murcia.
|b Facultad de Filosofía y Ciencias de la Educación.
|b Sección de Psicología.
|
| 710 |
2 |
|
|a Universidad de Murcia.
|b Secretariado de Publicaciones e Intercambio Científico.
|
| 776 |
1 |
|
|t Anales de psicología (Murcia, Spain)
|w (OCoLC)60653542
|
| 850 |
|
|
|a DLC
|a MH
|
| 853 |
0 |
0 |
|8 1
|a no.
|i (year)
|
| 856 |
4 |
0 |
|z Full text available from Research Library: 01/01/1984 to present
|u https://search.proquest.com/publication/1606360
|
| 863 |
4 |
0 |
|8 1
|a <1>-
|i <1984>-
|x provisional
|